Communication and control in electric power systems: applications of parallel and distributed processing

Wedi'i Gadw mewn:
Manylion Llyfryddiaeth
Prif Awduron: Shahidehpour, Mohammad (Awdur), Wang, Yaoyu (Awdur)
Fformat: Llyfr
Iaith:Saesneg
Cyhoeddwyd: Hoboken IEEE 2003
Hoboken John Wiley 2003
Pynciau:
Tagiau: Ychwanegu Tag
Dim Tagiau, Byddwch y cyntaf i dagio'r cofnod hwn!

MARC

LEADER 00000nam a2200000 a 4500
001 UCK7107
003 CL-VaPUC
008 051111e20030000us |||||||||||||||||eng|d
020 |a 0471453250 
082 0 4 |a 621.31  |b SHA  |2 21 
100 0 |a Shahidehpour, Mohammad  |e author  |9 496539 
700 0 |a Wang, Yaoyu  |e author  |9 496540 
245 1 0 |a Communication and control in electric power systems: applications of parallel and distributed processing 
300 |a 534 p 
942 |c BK 
945 |d 20051111 00:00:00  |a cmena 
260 |a Hoboken  |b IEEE  |c 2003 
260 |a Hoboken  |b John Wiley  |c 2003 
650 0 |a Sistemas eléctricos de potencia   |9 260291 
650 0 |a Generación de energía eléctrica  |9 345677 
650 0 |a Distribución de energía eléctrica   |9 260221 
650 0 |a Control automático  |9 259890 
650 0 |a Modelos matemáticos   |9 259437 
583 |a last modification  |c 20171017 06:06:51  |k Rodrigo Vera 
999 |c 315157  |d 315155 
952 |0 0  |1 0  |4 0  |6 621_310000000000000_SHA_2003_2003  |7 0  |8 A  |9 388117  |a BIBING  |b BIBING  |d 2019-11-22  |i 4179536  |o 621.31 SHA 2003 2003  |p 4179536  |r 2025-01-20  |w 2019-11-22  |y BK  |k EIE